000 00531nam a22002177a 4500
003 UA-OsUOA
001 41325
007 ta
008 20060920b un ||||| |||| 00| 0 ukr d
090 _a94(477)
942 _cBK
040 _aUA-OsUOA
_beng
_cUA-OsUOA
_dUA-OsUOA
245 _aThe Ukrainian insurgent army in fight for freedom
300 _a223 с.
955 _a2
041 _aeng
080 _a94(477)
260 _c1954
650 7 _a9 Географія. Біографії. Історія
_2UDC
999 _c327465
_d327465